Relatório de atividades do SIOPS 2000 / (Record no. 1570)
[ view plain ]
| 000 -LÍDER | |
|---|---|
| Campo Fixo de Controle | 00894nam a2200241 a 4500 |
| 001 - NÚMERO DE CONTROLE | |
| Campo de Controle | 1570 |
| 003 - IDENTIFICAÇÃO DO NÚMERO DE CONTROLE | |
| Campo de Controle | BR-CuiBMT |
| 005 - DATA E HORA DA ÚLTIMA ATUALIZAÇÃO | |
| Campo de Controle | 20231220012843.0 |
| 008 - DADOS FIXOS | |
| Dados Fixos | 231215s2001 dfba 000 0 por d |
| 040 ## - AGÊNCIA CATALOGADORA | |
| Código da Agência Catalogadora | BR-CuiBMT |
| Agência que transcreveu o registro | BR-CuiBMT |
| 080 ## - Nº DA CLASSIFICAÇÃO DECIMAL UNIVERSAL | |
| Nº Class. CDU | 614 |
| Subd. Auxiliar Comum | (047) |
| Nº edição CDU | 2007 |
| 090 ## - NÚMERO DE CHAMADA | |
| Nº classificação | 614(047) |
| Cutter | B823r |
| 110 1# - ENTRADA PRINCIPAL -- ENTIDADE | |
| Nome da entidade ou lugar | Brasil. |
| Unidade subordinada | Ministério da Saúde. |
| 245 10 - TÍTULO PRINCIPAL | |
| Título principal | Relatório de atividades do SIOPS 2000 / |
| Indicação de responsabilidade | Ministério da saúde. |
| 260 ## - PUBLICAÇÃO, DISTRIBUIÇÃO, ETC. | |
| Local de publicação | Brasília : |
| Editora | Ministério da Saúde, |
| Data | 2001. |
| 300 ## - DESCRIÇÃO FÍSICA | |
| N. páginas ou volumes | 204 p. : |
| Ilustrações | il. ; |
| Dimensões | 22 cm |
| 500 ## - NOTAS GERAIS | |
| Notas gerais | Ministério da Saúde - Secretaria de Gestão de Investimentos em Saúde - Departamento de Projetos de Investimento. |
| 610 1# - ASSUNTO -- ENTIDADE | |
| Nome da Entidade ou lugar | Brasil. |
| Unidade subordinada | Ministério da Saúde |
| Subdivisão geral | Sistema de Informações sobre Orçamentos Públicos em Saúde |
| 650 ## - ASSUNTO TÓPICO | |
| Cabeçalho tópico ou nome geográfico | Saúde |
| Subdivisão geral | Financiamento |
| Subdivisão geográfica | Brasil |
| 650 ## - ASSUNTO TÓPICO | |
| Cabeçalho tópico ou nome geográfico | Saúde |
| Subdivisão geral | Relatórios |
| Subdivisão geográfica | Brasil |
| 650 ## - ASSUNTO TÓPICO | |
| Cabeçalho tópico ou nome geográfico | Economia médica |
| 942 ## - ELEMENTOS DE ENTRADA ADICIONAIS (KOHA) | |
| Fonte de classificação ou esquema de arquivamento | Classificação Decimal Universal |
| Tipo de item do Koha | Livros |
| Estado: removido | Estado: perdido | Fonte de classificação ou esquema de arquivamento | Estado: danificado | Indisponível para empréstimo | Localização permanente | Localização atual | Data de aquisição | Total Checkouts | Número de Chamada completo | Código de barras | Date last seen | Número do exemplar | Preço efetivo a partir de | Tipo de item (Koha) |
|---|---|---|---|---|---|---|---|---|---|---|---|---|---|---|
| Classificação Decimal Universal | Biblioteca da Escola Superior de Contas do TCE/MT | Biblioteca da Escola Superior de Contas do TCE/MT | 15/12/2023 | 614(047) B823r | BIBTCEMT23120589 | 15/12/2023 | Ex. 1 | 15/12/2023 | Livros |